| 000 | 00779pam a2200253 a 4500 | ||
|---|---|---|---|
| 008 | |||
| 020 | _a089908477X (hbk.) | ||
| 049 | _aMAIN | ||
| 090 |
_aTP248.6 _bGEN |
||
| 245 | 0 | 0 |
_aGenetic engineering : _bopposing viewpoints / _cedited by William Dudley. |
| 260 |
_aSan Diego : _bGreenhaven Press, _cc1990. |
||
| 300 |
_a264 p. : _bill. ; _c23 cm. |
||
| 440 | _aOpposing viewpoints series. | ||
| 504 | _aIncludes bibliographical references. | ||
| 500 | _aIncludes index. | ||
| 650 | 0 | _aGenetic engineering. | |
| 650 | 0 |
_aGenetic engineering _xSocial aspects. |
|
| 700 | 1 | _aDudley, William. | |
| 907 |
_a.b10072949 _b21-02-13 _c17-04-03 |
||
| 003 | |||
| 005 | 20230123134046.0 | ||
| 040 | _cNUST | ||
| 942 |
_cBOOKS _kTP248.6 _mGEN |
||
| 999 |
_c159305 _d159305 |
||